[Event "Masters Tournament (MTO)"]
[Site "Biel, CH"]
[Date "2025.07.14"]
[Round "1"]
[White "Arfan, Aditya Bagus"]
[Black "Kanana, Ziad"]
[Result "1-0"]
[Board "15"]
[WhiteFideId "7106041"]
[BlackFideId "1346911"]
[WhiteTitle "IM"]
[WhiteElo "2385"]
[BlackElo "2062"]
[WhiteTeam "INA"]
[BlackTeam "SUI"]
[WhiteClock "0:33:39"]
[BlackClock "0:19:54"]
[Variant "Standard"]

1. Nf3 {[%clk 1:40:17]}  Nf6 {[%clk 1:40:54]} 2. c4 {[%clk 1:40:24]}  g6 {[%clk 1:41:13]} 3. b4 {[%clk 1:39:06]}  Bg7 {[%clk 1:41:03]} 4. Bb2 {[%clk 1:39:20]}  O-O {[%clk 1:40:00]} 5. g3 {[%clk 1:37:09]}  d6 {[%clk 1:37:59]} 6. Bg2 {[%clk 1:40:00]}  e5 {[%clk 1:37:19]} 7. O-O {[%clk 1:34:15]}  Nbd7 {[%clk 1:33:40]} 8. Nc3 {[%clk 1:33:34]}  c6 {[%clk 1:29:26]} 9. d3 {[%clk 1:30:41]}  Ne8 {[%clk 1:27:24]} 10. b5 {[%clk 1:27:01]}  f5 {[%clk 1:16:12]} 11. Nd2 {[%clk 1:23:54]}  Rb8 {[%clk 1:00:36]} 12. Qa4 {[%clk 1:07:29]}  Nb6 {[%clk 1:00:02]} 13. Qa5 {[%clk 0:57:46]}  Qc7 {[%clk 0:54:30]} 14. c5 {[%clk 0:53:57]}  dxc5 {[%clk 0:57:21]} 15. bxc6 {[%clk 1:01:39]}  bxc6 {[%clk 0:50:45]} 16. Qxc5 {[%clk 0:48:03]}  Bd7 {[%clk 0:39:41]} 17. Rfc1 {[%clk 0:55:51]}  Nd6 {[%clk 0:32:08]} 18. a4 {[%clk 0:48:46]}  Nb7 {[%clk 0:29:50]} 19. Qa3 {[%clk 0:47:33]}  a5 {[%clk 0:27:31]} 20. Nb5 {[%clk 0:44:45]}  Qd8 {[%clk 0:25:07]} 21. Bxc6 {[%clk 0:42:27]}  Rf6 {[%clk 0:20:52]} 22. Bxb7 {[%clk 0:39:08]}  Rxb7 {[%clk 0:19:41]} 23. Bxe5 {[%clk 0:38:07]}  Rc6 {[%clk 0:19:15]} 24. Bxg7 {[%clk 0:41:26]}  Kxg7 {[%clk 0:11:27]} 25. Rxc6 {[%clk 0:34:17]}  Bxc6 {[%clk 0:19:54]} 26. Rc1 {[%clk 0:33:39]} 1-0

[Event "Masters Tournament (MTO)"]
[Site "Biel, CH"]
[Date "2025.07.14"]
[Round "1"]
[White "Artan, Tamir"]
[Black "Tahay, Alexis"]
[Result "0-1"]
[Board "16"]
[WhiteFideId "1346865"]
[BlackFideId "26090961"]
[BlackTitle "IM"]
[WhiteElo "2054"]
[BlackElo "2375"]
[WhiteTeam "SUI"]
[BlackTeam "FRA"]
[WhiteClock "0:31:39"]
[BlackClock "0:43:34"]
[Variant "Standard"]

1. e4 {[%clk 1:40:56]}  c5 {[%clk 1:40:51]} 2. Nf3 {[%clk 1:41:12]}  d6 {[%clk 1:41:16]} 3. d4 {[%clk 1:40:28]}  cxd4 {[%clk 1:41:07]} 4. Nxd4 {[%clk 1:40:51]}  Nf6 {[%clk 1:42:07]} 5. Nc3 {[%clk 1:41:15]}  Nc6 {[%clk 1:41:48]} 6. Bg5 {[%clk 1:41:37]}  e6 {[%clk 1:42:14]} 7. Qd2 {[%clk 1:42:01]}  Qb6 {[%clk 1:42:39]} 8. O-O-O {[%clk 1:30:11]}  Qxd4 {[%clk 1:42:45]} 9. Qxd4 {[%clk 1:30:35]}  Nxd4 {[%clk 1:43:11]} 10. Rxd4 {[%clk 1:30:59]}  a6 {[%clk 1:43:38]} 11. a4 {[%clk 1:26:21]}  Bd7 {[%clk 1:40:52]} 12. Be2 {[%clk 1:24:13]}  Bc6 {[%clk 1:37:27]} 13. f3 {[%clk 1:18:30]}  Be7 {[%clk 1:32:23]} 14. Rhd1 {[%clk 1:21:25]}  h6 {[%clk 1:30:33]} 15. Be3 {[%clk 1:14:54]}  O-O {[%clk 1:25:25]} 16. b4 {[%clk 1:17:03]}  Rfc8 {[%clk 1:18:36]} 17. Kb2 {[%clk 1:14:50]}  Be8 {[%clk 1:13:35]} 18. Kb3 {[%clk 0:59:53]}  Nd7 {[%clk 1:11:15]} 19. Rc4 {[%clk 1:02:59]}  Rcb8 {[%clk 1:07:55]} 20. f4 {[%clk 0:59:43]}  b5 {[%clk 0:59:04]} 21. axb5 {[%clk 0:59:25]}  axb5 {[%clk 0:59:25]} 22. Rc7 {[%clk 0:59:06]}  Bd8 {[%clk 0:57:19]} 23. Ra7 {[%clk 0:51:30]}  Nc5+ {[%clk 0:55:40]} 24. Bxc5 {[%clk 0:53:37]}  dxc5 {[%clk 0:52:02]} 25. Rxa8 {[%clk 0:50:18]}  c4+ {[%clk 0:56:22]} 26. Kb2 {[%clk 0:47:45]}  Rxa8 {[%clk 0:56:48]} 27. Nb1 {[%clk 0:45:30]}  Bc6 {[%clk 0:48:46]} 28. Bf3 {[%clk 0:39:36]}  g5 {[%clk 0:49:54]} 29. fxg5 {[%clk 0:36:15]}  Bxg5 {[%clk 0:48:20]} 30. c3 {[%clk 0:33:18]}  Bf4 {[%clk 0:46:54]} 31. g3 {[%clk 0:28:21]}  Be5 {[%clk 0:44:07]} 32. Nd2 {[%clk 0:31:39]}  Ra4 {[%clk 0:43:34]} 0-1

[Event "Masters Tournament (MTO)"]
[Site "Biel, CH"]
[Date "2025.07.14"]
[Round "1"]
[White "Lacan Rus, David"]
[Black "Paul, Mathias"]
[Result "1-0"]
[Board "17"]
[WhiteFideId "651023075"]
[BlackFideId "24694606"]
[WhiteTitle "FM"]
[WhiteElo "2369"]
[BlackElo "2051"]
[WhiteTeam "FRA"]
[BlackTeam "GER"]
[WhiteClock "0:20:01"]
[BlackClock "0:00:38"]
[Variant "Standard"]

1. e4 {[%clk 1:40:58]}  c5 {[%clk 1:40:52]} 2. Nf3 {[%clk 1:41:21]}  e6 {[%clk 1:41:13]} 3. d4 {[%clk 1:41:43]}  cxd4 {[%clk 1:41:34]} 4. Nxd4 {[%clk 1:42:05]}  Nf6 {[%clk 1:41:55]} 5. Nc3 {[%clk 1:42:09]}  Nc6 {[%clk 1:42:14]} 6. Nxc6 {[%clk 1:41:56]}  bxc6 {[%clk 1:42:30]} 7. e5 {[%clk 1:42:19]}  Nd5 {[%clk 1:42:51]} 8. Ne4 {[%clk 1:42:43]}  Qc7 {[%clk 1:43:04]} 9. f4 {[%clk 1:42:42]}  Qb6 {[%clk 1:43:21]} 10. c4 {[%clk 1:43:02]}  Bb4+ {[%clk 1:43:15]} 11. Ke2 {[%clk 1:43:24]}  f5 {[%clk 1:42:49]} 12. Nf2 {[%clk 1:42:34]}  Ba6 {[%clk 1:42:34]} 13. Kf3 {[%clk 1:42:50]}  Ne7 {[%clk 1:42:24]} 14. Be3 {[%clk 1:43:01]}  Bc5 {[%clk 1:41:25]} 15. Bxc5 {[%clk 1:43:23]}  Qxc5 {[%clk 1:41:47]} 16. Qd6 {[%clk 1:43:45]}  Qa5 {[%clk 1:40:34]} 17. h4 {[%clk 1:39:12]}  Rc8 {[%clk 1:13:56]} 18. Kg3 {[%clk 1:33:38]}  h6 {[%clk 1:08:59]} 19. a3 {[%clk 1:29:06]}  c5 {[%clk 0:57:24]} 20. Be2 {[%clk 1:25:28]}  Qa4 {[%clk 0:48:04]} 21. b4 {[%clk 1:18:35]}  Bb7 {[%clk 0:24:55]} 22. b5 {[%clk 0:59:35]}  Qb3+ {[%clk 0:22:57]} 23. Qd3 {[%clk 0:53:56]}  Qxd3+ {[%clk 0:18:38]} 24. Nxd3 {[%clk 0:51:31]}  g6 {[%clk 0:15:41]} 25. a4 {[%clk 0:50:10]}  Kf7 {[%clk 0:14:46]} 26. a5 {[%clk 0:47:35]}  Be4 {[%clk 0:05:39]} 27. Nf2 {[%clk 0:41:32]}  Rhd8 {[%clk 0:10:28]} 28. Rhd1 {[%clk 0:40:47]}  d5 {[%clk 0:07:30]} 29. exd6 {[%clk 0:40:33]}  Ng8 {[%clk 0:07:58]} 30. Nxe4 {[%clk 0:31:27]}  fxe4 {[%clk 0:08:24]} 31. b6 {[%clk 0:30:54]}  a6 {[%clk 0:04:04]} 32. Kf2 {[%clk 0:29:29]}  h5 {[%clk 0:03:08]} 33. Ke3 {[%clk 0:26:20]}  Nh6 {[%clk 0:02:20]} 34. Kxe4 {[%clk 0:24:16]}  Nf5 {[%clk 0:02:34]} 35. Ke5 {[%clk 0:24:02]}  Nd4 {[%clk 0:00:37]} 36. Rxd4 {[%clk 0:19:24]}  cxd4 {[%clk 0:01:02]} 37. b7 {[%clk 0:19:23]}  Rc5+ {[%clk 0:00:37]} 38. Kxd4 {[%clk 0:19:46]}  Rc6 {[%clk 0:00:38]} 39. c5 {[%clk 0:20:01]} 1-0

[Event "Masters Tournament (MTO)"]
[Site "Biel, CH"]
[Date "2025.07.14"]
[Round "1"]
[White "Stevens, Christian"]
[Black "Gruenfeld, Yehuda"]
[Result "1/2-1/2"]
[Board "18"]
[WhiteFideId "649090"]
[BlackFideId "2800020"]
[BlackTitle "GM"]
[WhiteElo "2050"]
[BlackElo "2367"]
[WhiteTeam "FRA"]
[BlackTeam "ISR"]
[WhiteClock "0:28:56"]
[BlackClock "0:25:49"]
[Variant "Standard"]

1. e4 {[%clk 1:40:56]}  c5 {[%clk 1:40:56]} 2. Nc3 {[%clk 1:41:18]}  e6 {[%clk 1:41:04]} 3. g3 {[%clk 1:41:38]}  Nc6 {[%clk 1:40:11]} 4. Bg2 {[%clk 1:42:00]}  Nf6 {[%clk 1:40:35]} 5. f4 {[%clk 1:40:17]}  d5 {[%clk 1:39:32]} 6. e5 {[%clk 1:39:20]}  Nd7 {[%clk 1:37:04]} 7. Nf3 {[%clk 1:39:41]}  Be7 {[%clk 1:37:13]} 8. O-O {[%clk 1:39:28]}  O-O {[%clk 1:29:44]} 9. Kh1 {[%clk 1:32:24]}  Rb8 {[%clk 1:35:16]} 10. d4 {[%clk 1:29:06]}  cxd4 {[%clk 1:33:45]} 11. Nb5 {[%clk 1:22:29]}  Nc5 {[%clk 1:29:38]} 12. Nbxd4 {[%clk 1:24:15]}  Bd7 {[%clk 1:25:39]} 13. Be3 {[%clk 1:20:42]}  Rc8 {[%clk 1:19:52]} 14. c3 {[%clk 1:06:32]}  Na5 {[%clk 1:12:50]} 15. Nd2 {[%clk 1:06:29]}  Na4 {[%clk 1:09:04]} 16. Rb1 {[%clk 0:59:36]}  Nb6 {[%clk 0:57:45]} 17. Qe2 {[%clk 0:57:33]}  Nbc4 {[%clk 0:56:32]} 18. Nxc4 {[%clk 0:49:55]}  Nxc4 {[%clk 1:05:58]} 19. Bg1 {[%clk 0:42:12]}  Qc7 {[%clk 1:02:08]} 20. Rbe1 {[%clk 0:33:28]}  Kh8 {[%clk 0:57:14]} 21. f5 {[%clk 0:30:41]}  exf5 {[%clk 0:52:18]} 22. Nxf5 {[%clk 0:28:21]}  Be6 {[%clk 0:50:09]} 23. Nxe7 {[%clk 0:34:41]}  Qxe7 {[%clk 0:48:01]} 24. Rd1 {[%clk 0:29:46]}  Rfd8 {[%clk 0:46:06]} 25. Rd4 {[%clk 0:29:03]}  Qc7 {[%clk 0:46:46]} 26. Re1 {[%clk 0:26:59]}  Na5 {[%clk 0:41:57]} 27. Rh4 {[%clk 0:25:39]}  Nc6 {[%clk 0:44:27]} 28. Bd4 {[%clk 0:25:00]}  Ne7 {[%clk 0:43:55]} 29. Qh5 {[%clk 0:21:19]}  h6 {[%clk 0:40:49]} 30. Rf4 {[%clk 0:18:11]}  Ng6 {[%clk 0:40:19]} 31. Rf2 {[%clk 0:17:21]}  Qd7 {[%clk 0:40:28]} 32. h3 {[%clk 0:18:41]}  b6 {[%clk 0:39:07]} 33. Bf1 {[%clk 0:17:11]}  Kg8 {[%clk 0:38:00]} 34. Kh2 {[%clk 0:15:55]}  Qe7 {[%clk 0:34:58]} 35. Bd3 {[%clk 0:15:22]}  Nf8 {[%clk 0:34:11]} 36. Ref1 {[%clk 0:12:13]}  Rc7 {[%clk 0:31:33]} 37. g4 {[%clk 0:04:08]}  Qg5 {[%clk 0:27:06]} 38. Qxg5 {[%clk 0:03:58]}  hxg5 {[%clk 0:27:35]} 39. Be3 {[%clk 0:01:53]}  Nh7 {[%clk 0:25:49]} 40. Bxh7+ {[%clk 0:03:07]}  Kxh7 {[%clk 0:26:09]} 41. Bxg5 {[%clk 0:03:29]}  Ra8 {[%clk 0:26:23]} 42. Be3 {[%clk 0:02:37]}  b5 {[%clk 0:26:47]} 43. Rf4 {[%clk 0:29:37]}  a5 {[%clk 0:25:49]} 44. a3 {[%clk 0:28:56]} 1/2-1/2

[Event "Masters Tournament (MTO)"]
[Site "Biel, CH"]
[Date "2025.07.14"]
[Round "1"]
[White "Otsuka, Shou"]
[Black "Hoffmann, Achim Gunter"]
[Result "1-0"]
[Board "19"]
[WhiteFideId "7004702"]
[BlackFideId "3203840"]
[WhiteTitle "FM"]
[WhiteElo "2362"]
[BlackElo "2045"]
[WhiteTeam "JPN"]
[BlackTeam "AUS"]
[WhiteClock "0:17:34"]
[BlackClock "0:10:26"]
[Variant "Standard"]

1. e4 {[%clk 1:40:56]}  c5 {[%clk 1:40:54]} 2. Nf3 {[%clk 1:41:14]}  d6 {[%clk 1:41:18]} 3. Bb5+ {[%clk 1:41:26]}  Bd7 {[%clk 1:37:04]} 4. Bxd7+ {[%clk 1:40:45]}  Nxd7 {[%clk 1:38:13]} 5. c4 {[%clk 1:40:33]}  Ngf6 {[%clk 1:34:59]} 6. Nc3 {[%clk 1:40:53]}  e6 {[%clk 1:35:04]} 7. d4 {[%clk 1:38:29]}  cxd4 {[%clk 1:30:13]} 8. Nxd4 {[%clk 1:38:27]}  Nc5 {[%clk 1:26:51]} 9. f3 {[%clk 1:30:22]}  Qb6 {[%clk 1:24:40]} 10. Rb1 {[%clk 1:05:19]}  Qb4 {[%clk 1:15:47]} 11. Ndb5 {[%clk 0:47:16]}  Qxc4 {[%clk 1:04:56]} 12. Nc7+ {[%clk 0:42:23]}  Kd8 {[%clk 1:01:43]} 13. Nxa8 {[%clk 0:41:42]}  Nd3+ {[%clk 1:01:45]} 14. Kd2 {[%clk 0:39:46]}  Nf2 {[%clk 1:01:09]} 15. Qg1 {[%clk 0:24:05]}  Nxh1 {[%clk 0:48:21]} 16. Qxa7 {[%clk 0:33:48]}  Nd7 {[%clk 0:47:48]} 17. Kc2 {[%clk 0:30:09]}  Nc5 {[%clk 0:46:20]} 18. Qb8+ {[%clk 0:24:52]}  Ke7 {[%clk 0:46:19]} 19. Bg5+ {[%clk 0:23:44]}  f6 {[%clk 0:46:15]} 20. Qc7+ {[%clk 0:19:50]}  Ke8 {[%clk 0:44:52]} 21. Rxh1 {[%clk 0:20:57]}  Qd3+ {[%clk 0:41:44]} 22. Kc1 {[%clk 0:21:22]}  fxg5 {[%clk 0:41:36]} 23. Nb6 {[%clk 0:20:10]}  Be7 {[%clk 0:32:33]} 24. Rd1 {[%clk 0:19:21]}  Qe3+ {[%clk 0:20:03]} 25. Kb1 {[%clk 0:19:52]}  Kf7 {[%clk 0:17:39]} 26. Nc4 {[%clk 0:19:55]}  Qf2 {[%clk 0:10:57]} 27. Nxd6+ {[%clk 0:18:57]}  Kf6 {[%clk 0:10:38]} 28. e5+ {[%clk 0:18:27]}  Kg6 {[%clk 0:10:13]} 29. Qxe7 {[%clk 0:18:46]}  Qxg2 {[%clk 0:10:26]} 30. Nde4 {[%clk 0:17:34]} 1-0

[Event "Masters Tournament (MTO)"]
[Site "Biel, CH"]
[Date "2025.07.14"]
[Round "1"]
[White "Kwiatkowski, Jakub"]
[Black "Latorre, Vincent"]
[Result "0-1"]
[Board "20"]
[WhiteFideId "1348736"]
[BlackFideId "2636891"]
[BlackTitle "FM"]
[WhiteElo "2034"]
[BlackElo "2326"]
[WhiteTeam "SUI"]
[BlackTeam "CAN"]
[WhiteClock "0:03:10"]
[BlackClock "0:05:44"]
[Variant "Standard"]

1. e4 {[%clk 1:40:53]}  g6 {[%clk 1:40:36]} 2. d4 {[%clk 1:40:01]}  Bg7 {[%clk 1:40:51]} 3. Nc3 {[%clk 1:39:25]}  d6 {[%clk 1:41:00]} 4. Be3 {[%clk 1:39:45]}  a6 {[%clk 1:40:49]} 5. Qd2 {[%clk 1:39:18]}  b5 {[%clk 1:40:42]} 6. O-O-O {[%clk 1:37:35]}  Bb7 {[%clk 1:40:33]} 7. f3 {[%clk 1:36:59]}  Nd7 {[%clk 1:40:26]} 8. g4 {[%clk 1:34:44]}  h6 {[%clk 1:32:35]} 9. h4 {[%clk 1:28:41]}  Rc8 {[%clk 1:18:48]} 10. Kb1 {[%clk 1:26:38]}  c5 {[%clk 1:17:13]} 11. dxc5 {[%clk 1:23:15]}  dxc5 {[%clk 1:05:04]} 12. Nh3 {[%clk 1:04:17]}  e6 {[%clk 0:58:51]} 13. Bg2 {[%clk 0:45:48]}  Bc6 {[%clk 0:46:13]} 14. Ne2 {[%clk 0:49:28]}  Qc7 {[%clk 0:38:30]} 15. Qd6 {[%clk 0:36:28]}  Qxd6 {[%clk 0:32:36]} 16. Rxd6 {[%clk 0:35:19]}  Ke7 {[%clk 0:32:23]} 17. Rdd1 {[%clk 0:32:18]}  Ngf6 {[%clk 0:31:55]} 18. g5 {[%clk 0:29:04]}  hxg5 {[%clk 0:31:20]} 19. hxg5 {[%clk 0:29:35]}  Ne8 {[%clk 0:31:29]} 20. Ng3 {[%clk 0:27:08]}  Nd6 {[%clk 0:25:14]} 21. Bc1 {[%clk 0:22:41]}  b4 {[%clk 0:23:08]} 22. Nf2 {[%clk 0:21:00]}  Nb5 {[%clk 0:19:44]} 23. f4 {[%clk 0:17:02]}  Nb6 {[%clk 0:15:38]} 24. Be3 {[%clk 0:16:05]}  Na4 {[%clk 0:14:49]} 25. Nd3 {[%clk 0:12:53]}  Ba8 {[%clk 0:12:38]} 26. Ne5 {[%clk 0:09:00]}  Bxe5 {[%clk 0:11:46]} 27. fxe5 {[%clk 0:09:23]}  Rxh1 {[%clk 0:09:35]} 28. Rxh1 {[%clk 0:09:05]}  Nb6 {[%clk 0:09:36]} 29. Kc1 {[%clk 0:08:17]}  Nd7 {[%clk 0:09:34]} 30. Bf4 {[%clk 0:08:36]}  Nd4 {[%clk 0:08:56]} 31. Rd1 {[%clk 0:05:35]}  Nc6 {[%clk 0:08:07]} 32. Rd6 {[%clk 0:05:51]}  Bb7 {[%clk 0:07:59]} 33. Bf1 {[%clk 0:05:34]}  Ra8 {[%clk 0:05:27]} 34. Be2 {[%clk 0:04:06]}  Ncxe5 {[%clk 0:05:23]} 35. Bxe5 {[%clk 0:03:07]}  Nxe5 {[%clk 0:05:43]} 36. Rb6 {[%clk 0:03:10]}  Ra7 {[%clk 0:05:44]} 0-1

[Event "Masters Tournament (MTO)"]
[Site "Biel, CH"]
[Date "2025.07.14"]
[Round "1"]
[White "Poeck, Ole"]
[Black "Saxena, Vihaan"]
[Result "0-1"]
[Board "21"]
[WhiteFideId "4682742"]
[BlackFideId "30997780"]
[WhiteTitle "FM"]
[WhiteElo "2304"]
[BlackElo "2031"]
[WhiteTeam "GER"]
[BlackTeam "USA"]
[WhiteClock "0:33:47"]
[BlackClock "0:25:53"]
[Variant "Standard"]

1. d4 {[%clk 1:40:57]}  d5 {[%clk 1:31:21]} 2. Nf3 {[%clk 1:41:12]}  Nf6 {[%clk 1:31:14]} 3. c4 {[%clk 1:41:24]}  dxc4 {[%clk 1:28:49]} 4. Nc3 {[%clk 1:40:48]}  a6 {[%clk 1:27:11]} 5. a4 {[%clk 1:41:02]}  Nc6 {[%clk 1:15:19]} 6. e4 {[%clk 1:27:45]}  Bg4 {[%clk 1:16:21]} 7. d5 {[%clk 1:26:53]}  Ne5 {[%clk 1:10:50]} 8. Bf4 {[%clk 1:22:35]}  Ng6 {[%clk 1:12:17]} 9. Be3 {[%clk 1:10:00]}  e5 {[%clk 1:01:13]} 10. a5 {[%clk 1:06:12]}  Bd6 {[%clk 0:48:06]} 11. Qa4+ {[%clk 1:00:44]}  Bd7 {[%clk 0:45:40]} 12. Qxc4 {[%clk 0:59:36]}  O-O {[%clk 0:42:05]} 13. Be2 {[%clk 0:53:08]}  c6 {[%clk 0:34:23]} 14. Nd2 {[%clk 0:45:08]}  cxd5 {[%clk 0:31:12]} 15. exd5 {[%clk 0:41:30]}  Nf4 {[%clk 0:23:41]} 16. Bxf4 {[%clk 0:59:46]}  exf4 {[%clk 0:25:22]} 17. O-O {[%clk 0:58:56]}  Re8 {[%clk 0:25:07]} 18. Bf3 {[%clk 0:59:47]}  Rc8 {[%clk 0:23:56]} 19. Qb3 {[%clk 0:59:52]}  Qc7 {[%clk 0:23:06]} 20. Rfc1 {[%clk 0:53:18]}  Bf5 {[%clk 0:21:53]} 21. h3 {[%clk 0:45:36]}  h6 {[%clk 0:21:39]} 22. Ne2 {[%clk 0:43:49]}  Qd7 {[%clk 0:19:34]} 23. Nc4 {[%clk 0:48:14]}  Be4 {[%clk 0:03:15]} 24. Bxe4 {[%clk 0:47:14]}  Rxe4 {[%clk 0:14:00]} 25. Nb6 {[%clk 0:37:19]}  Rxc1+ {[%clk 0:14:11]} 26. Rxc1 {[%clk 0:34:03]}  Qe7 {[%clk 0:10:45]} 27. Nc8 {[%clk 0:36:46]}  Qe5 {[%clk 0:10:40]} 28. Nxd6 {[%clk 0:36:45]}  Qxd6 {[%clk 0:07:09]} 29. Rc8+ {[%clk 0:33:44]}  Kh7 {[%clk 0:11:01]} 30. Qc2 {[%clk 0:32:42]}  g6 {[%clk 0:11:09]} 31. f3 {[%clk 0:30:25]}  Re7 {[%clk 0:09:23]} 32. Nc3 {[%clk 0:26:38]}  Nxd5 {[%clk 0:08:48]} 33. Qd2 {[%clk 0:25:13]}  Rd7 {[%clk 0:04:06]} 34. Nxd5 {[%clk 0:25:02]}  Qxd5 {[%clk 0:04:01]} 35. Qxf4 {[%clk 0:23:06]}  Kg7 {[%clk 0:04:42]} 36. Rc7 {[%clk 0:06:35]}  Rxc7 {[%clk 0:04:40]} 37. Qxc7 {[%clk 0:06:10]}  Qd4+ {[%clk 0:04:48]} 38. Kh2 {[%clk 0:07:28]}  Qxb2 {[%clk 0:04:31]} 39. f4 {[%clk 0:06:48]}  Qb5 {[%clk 0:04:22]} 40. Qc3+ {[%clk 0:05:39]}  Kg8 {[%clk 0:04:17]} 41. Qc8+ {[%clk 0:08:03]}  Kh7 {[%clk 0:04:28]} 42. Qc7 {[%clk 0:08:25]}  Qd5 {[%clk 0:04:51]} 43. h4 {[%clk 0:08:31]}  h5 {[%clk 0:03:09]} 44. Qc3 {[%clk 0:07:59]}  Qd6 {[%clk 0:03:47]} 45. Qc4 {[%clk 0:07:10]}  Kg7 {[%clk 0:03:29]} 46. g3 {[%clk 0:03:55]}  Qd2+ {[%clk 0:02:41]} 47. Kg1 {[%clk 0:02:43]}  Qxa5 {[%clk 0:02:35]} 48. Qd4+ {[%clk 0:02:28]}  Kg8 {[%clk 0:01:11]} 49. Qd6 {[%clk 0:04:42]}  Qe1+ {[%clk 0:02:15]} 50. Kg2 {[%clk 0:04:29]}  Qe2+ {[%clk 0:02:39]} 51. Kg1 {[%clk 0:03:47]}  Qe4 {[%clk 0:02:02]} 52. Kf2 {[%clk 0:03:11]}  Kg7 {[%clk 0:01:54]} 53. Qb6 {[%clk 0:05:11]}  Qd5 {[%clk 0:03:01]} 54. Qb2+ {[%clk 0:05:23]}  Kh7 {[%clk 0:02:48]} 55. Qb6 {[%clk 0:03:37]}  a5 {[%clk 0:02:27]} 56. Qa7 {[%clk 0:05:40]}  Qb5 {[%clk 0:01:15]} 57. Qd4 {[%clk 0:04:58]}  a4 {[%clk 0:01:11]} 58. Qf6 {[%clk 0:05:37]}  Qd5 {[%clk 0:02:33]} 59. g4 {[%clk 0:04:57]}  Qe6 {[%clk 0:26:24]} 60. Qd4 {[%clk 0:33:23]}  Qxg4 {[%clk 0:25:39]} 61. Qxa4 {[%clk 0:33:48]}  Qxh4+ {[%clk 0:26:00]} 62. Ke3 {[%clk 0:33:46]}  Qe7+ {[%clk 0:26:20]} 63. Kf3 {[%clk 0:34:03]}  Qe6 {[%clk 0:26:15]} 64. Qb4 {[%clk 0:34:19]}  Qd5+ {[%clk 0:26:36]} 65. Kg3 {[%clk 0:34:31]}  b5 {[%clk 0:26:31]} 66. Kh4 {[%clk 0:34:39]}  Qc4 {[%clk 0:26:01]} 67. Qd6 {[%clk 0:34:35]}  b4 {[%clk 0:26:07]} 68. Kg5 {[%clk 0:34:24]}  b3 {[%clk 0:25:49]} 69. Qe5 {[%clk 0:33:47]}  Qe6 {[%clk 0:25:53]} 0-1

[Event "Masters Tournament (MTO)"]
[Site "Biel, CH"]
[Date "2025.07.14"]
[Round "1"]
[White "Guretchii, Kirill"]
[Black "Federer, Colin"]
[Result "1/2-1/2"]
[Board "22"]
[WhiteFideId "13911872"]
[BlackFideId "1345117"]
[BlackTitle "FM"]
[WhiteElo "2029"]
[BlackElo "2303"]
[WhiteTeam "MDA"]
[BlackTeam "SUI"]
[WhiteClock "0:00:36"]
[BlackClock "0:12:25"]
[Variant "Standard"]

1. d4 {[%clk 1:40:58]}  Nf6 {[%clk 1:40:45]} 2. c4 {[%clk 1:41:21]}  g6 {[%clk 1:41:08]} 3. Nc3 {[%clk 1:41:45]}  Bg7 {[%clk 1:41:32]} 4. e4 {[%clk 1:42:09]}  d6 {[%clk 1:41:57]} 5. Nf3 {[%clk 1:42:33]}  O-O {[%clk 1:42:21]} 6. Be2 {[%clk 1:42:59]}  e5 {[%clk 1:42:30]} 7. Be3 {[%clk 1:43:21]}  Na6 {[%clk 1:42:17]} 8. O-O {[%clk 1:43:22]}  Qe7 {[%clk 1:42:42]} 9. h3 {[%clk 1:37:46]}  Nxe4 {[%clk 1:39:04]} 10. Nxe4 {[%clk 1:11:23]}  exd4 {[%clk 1:39:14]} 11. Nxd4 {[%clk 1:10:32]}  Qxe4 {[%clk 1:39:36]} 12. Bf3 {[%clk 1:10:56]}  Qe7 {[%clk 1:36:59]} 13. Qd2 {[%clk 1:10:09]}  Nc5 {[%clk 1:26:10]} 14. Rfe1 {[%clk 1:09:06]}  Ne4 {[%clk 1:18:15]} 15. Qd3 {[%clk 0:53:58]}  f5 {[%clk 1:15:42]} 16. Bf4 {[%clk 0:49:32]}  Qf6 {[%clk 1:13:07]} 17. Bxe4 {[%clk 0:48:26]}  fxe4 {[%clk 1:11:17]} 18. Rxe4 {[%clk 0:48:35]}  Bd7 {[%clk 1:03:42]} 19. Be3 {[%clk 0:45:12]}  c5 {[%clk 0:46:41]} 20. Rf4 {[%clk 0:33:30]}  Qe5 {[%clk 0:42:47]} 21. Nf3 {[%clk 0:32:13]}  Qxb2 {[%clk 0:40:54]} 22. Rb1 {[%clk 0:31:57]}  Qxa2 {[%clk 0:35:40]} 23. Qd5+ {[%clk 0:31:39]}  Kh8 {[%clk 0:36:03]} 24. Rxb7 {[%clk 0:31:00]}  Qa4 {[%clk 0:30:49]} 25. Rf7 {[%clk 0:24:02]}  Bc6 {[%clk 0:21:12]} 26. Qxc6 {[%clk 0:13:58]}  Qxc6 {[%clk 0:27:43]} 27. Rxg7 {[%clk 0:14:23]}  Qxb7 {[%clk 0:25:17]} 28. Rxb7 {[%clk 0:12:05]}  Rfb8 {[%clk 0:23:08]} 29. Rd7 {[%clk 0:13:14]}  Rd8 {[%clk 0:22:33]} 30. Rb7 {[%clk 0:13:37]}  Rdb8 {[%clk 0:21:02]} 31. Rd7 {[%clk 0:14:00]}  Rd8 {[%clk 0:17:57]} 32. Re7 {[%clk 0:08:54]}  Re8 {[%clk 0:17:16]} 33. Bg5 {[%clk 0:05:13]}  Rxe7 {[%clk 0:17:17]} 34. Bxe7 {[%clk 0:05:42]}  a5 {[%clk 0:15:55]} 35. Bxd6 {[%clk 0:05:42]}  a4 {[%clk 0:13:44]} 36. Bxc5 {[%clk 0:04:53]}  a3 {[%clk 0:13:29]} 37. Bd4+ {[%clk 0:04:16]}  Kg8 {[%clk 0:13:55]} 38. Nd2 {[%clk 0:01:31]}  Rb8 {[%clk 0:11:43]} 39. c5 {[%clk 0:00:39]}  a2 {[%clk 0:11:42]} 40. c6 {[%clk 0:00:36]}  Rb1+ {[%clk 0:09:04]} 41. Kh2 {[%clk 0:30:18]}  a1=Q {[%clk 0:38:15]} 42. Bxa1 {[%clk 0:30:28]}  Rxa1 {[%clk 0:38:41]} 43. Nc4 {[%clk 0:29:22]}  Rc1 {[%clk 0:38:07]} 44. Ne5 {[%clk 0:29:13]}  Kg7 {[%clk 0:37:41]} 45. f4 {[%clk 0:28:37]}  Kf6 {[%clk 0:36:56]} 46. h4 {[%clk 0:21:37]}  Kf5 {[%clk 0:34:46]} 47. g3 {[%clk 0:17:09]}  Rc2+ {[%clk 0:29:08]} 48. Kh3 {[%clk 0:21:37]}  Rc3 {[%clk 0:29:23]} 49. Kg2 {[%clk 0:21:11]}  Ra3 {[%clk 0:26:12]} 50. Kh3 {[%clk 0:21:20]}  Rc3 {[%clk 0:25:12]} 51. Kg2 {[%clk 0:21:42]}  Ke4 {[%clk 0:24:56]} 52. Kh3 {[%clk 0:21:07]}  Ke3 {[%clk 0:22:35]} 53. h5 {[%clk 0:18:18]}  Kf2 {[%clk 0:16:51]} 54. Ng4+ {[%clk 0:14:53]}  Kg1 {[%clk 0:15:50]} 55. Ne5 {[%clk 0:10:51]}  Kf2 {[%clk 0:12:33]} 56. Kh4 {[%clk 0:01:46]}  Rxg3 {[%clk 0:11:12]} 57. Nxg6 {[%clk 0:01:26]}  Kf3 {[%clk 0:10:08]} 58. f5 {[%clk 0:00:35]}  Rg4+ {[%clk 0:10:26]} 59. Kh3 {[%clk 0:01:00]}  Rg3 {[%clk 0:10:53]} 60. Kh4 {[%clk 0:00:48]}  Rg4+ {[%clk 0:11:17]} 61. Kh3 {[%clk 0:01:16]}  Rg3 {[%clk 0:11:39]} 62. Kh2 {[%clk 0:01:33]}  Rg2+ {[%clk 0:11:58]} 63. Kh3 {[%clk 0:00:36]}  Rg3 {[%clk 0:12:25]} 64. Kh2 {[%clk 0:00:36]} 1/2-1/2